Normal view
MARC view
- QUALITY CONTROL NEW PRODUCTS
Entry Topical Term
001 - CONTROL NUMBER
- control field: 76386
003 - CONTROL NUMBER IDENTIFIER
- control field: NUST
005 - DATE AND TIME OF LATEST TRANSACTION
- control field: 20210628205633.0
008 - FIXED-LENGTH DATA ELEMENTS
- fixed length control field: 210628|| aca||aabn | a|a d
040 ## - CATALOGING SOURCE
- Original cataloging agency: NUST
- Transcribing agency: NUST
150 ## - HEADING--TOPICAL TERM
- Topical term or geographic name entry element: QUALITY CONTROL NEW PRODUCTS
670 ## - SOURCE DATA FOUND
- Source citation: Work cat.: (NUST): Wesner, John W Trimble, David C Hiatt, Jeffrey M 76385, Winning with quality applying quality principles in product development, 1995
